000 nam a22 7a 4500
999 _c127563
_d127563
008 180301b xxu||||| |||| 00| 0 eng d
020 _a9781925138962
050 _aHQ767.15.B588 2016
100 _aBiemans, Ward
_939928
245 _aThe heart and the abyss
_bpreventing abortion
_cWard Biemans
260 _aAustralia
_bConnor Court Publishing
_c2016
300 _a391p. ;
_c21cm.
650 _aAbortion
_939929
650 _aCatholic Church
_xDoctrines
_94786
942 _2lcc
_cMONOGRAPH